[Event "10. Torneo IRT Mostoles 2019"]
[Site "Móstoles ESP"]
[Date "2019.07.23"]
[Round "6.14"]
[White "Martin Lozano, Miguel Angel"]
[Black "Rios Gil, Sergio"]
[Result "1-0"]
[WhiteElo "1720"]
[BlackElo "1575"]
[PlyCount "61"]
[EventDate "2019.07.18"]
[EventType "swiss"]
[EventRounds "9"]
[EventCountry "ESP"]
[SourceTitle "Ajedrez en Madrid"]
[Source "lmi"]
[SourceDate "2019.07.18"]
[SourceVersion "1"]
[SourceVersionDate "2019.07.28"]
[SourceQuality "1"]

1. d4 d5 2. Bf4 Nf6 3. e3 Bf5 4. Nf3 e6 5. c4 c6 6. Qb3 Qb6 7. c5 Qxb3 8. axb3
Bxb1 9. Rxb1 b6 10. b4 b5 11. Ra1 Nbd7 12. Ra6 Be7 13. Bd3 O-O 14. Rxc6 a5 15.
bxa5 Rxa5 16. O-O Rfa8 17. h3 b4 18. Ne5 h6 19. Nxd7 Nxd7 20. Rc7 R5a7 21. Bb5
e5 22. Rxa7 Rxa7 23. Bxd7 exf4 24. c6 fxe3 25. fxe3 g6 26. Re1 Bd6 27. Kf2 Ra2
28. Re2 f5 29. Be6+ Kf8 30. Bxd5 Ke7 31. Bxa2 1-0

[Event "10. Torneo IRT Mostoles 2019"]
[Site "Móstoles ESP"]
[Date "2019.07.23"]
[Round "6.15"]
[White "Huerta Navarro, Eusebio"]
[Black "Salgado Duarte, Pablo"]
[Result "1-0"]
[WhiteElo "1739"]
[BlackElo "1492"]
[PlyCount "91"]
[EventDate "2019.07.18"]
[EventType "swiss"]
[EventRounds "9"]
[EventCountry "ESP"]
[SourceTitle "Ajedrez en Madrid"]
[Source "lmi"]
[SourceDate "2019.07.18"]
[SourceVersion "1"]
[SourceVersionDate "2019.07.28"]
[SourceQuality "1"]

1. e4 e5 2. Nf3 Nc6 3. Bc4 Be7 4. O-O Nf6 5. Nc3 O-O 6. d3 d6 7. h3 Bd7 8. a3
a6 9. b4 Qc8 10. Kh2 h6 11. Ne2 Be6 12. Bxe6 Qxe6 13. Bb2 Nh7 14. Ng3 Bf6 15.
Re1 Ne7 16. d4 Ng6 17. d5 Qd7 18. c4 b6 19. Rc1 Nf4 20. c5 bxc5 21. bxc5 Qb5
22. Ba1 Qd3 23. cxd6 cxd6 24. Rc3 Qb5 25. Nf5 Qd7 26. Rc6 Be7 27. Qc2 Ra7 28.
Re3 Nf6 29. Rec3 Ne8 30. g3 Nh5 31. R3c4 Nhf6 32. Nd2 Kh7 33. Ra4 a5 34. f3 g6
35. Ne3 Bd8 36. Ndc4 Kg7 37. Bc3 Rc7 38. Nxa5 Rxc6 39. Nxc6 Bb6 40. Nc4 Bc5 41.
Bb4 Bxb4 42. axb4 Nc7 43. Ra7 Nfe8 44. b5 Nf6 45. b6 Rc8 46. b7 1-0

[Event "10. Torneo IRT Mostoles 2019"]
[Site "Móstoles ESP"]
[Date "2019.07.23"]
[Round "6.17"]
[White "Fernandez Rodriguez, Diego"]
[Black "Rubio Gonzalez, Beltran"]
[Result "0-1"]
[WhiteElo "1208"]
[BlackElo "1576"]
[PlyCount "56"]
[EventDate "2019.07.18"]
[EventType "swiss"]
[EventRounds "9"]
[EventCountry "ESP"]
[SourceTitle "Ajedrez en Madrid"]
[Source "lmi"]
[SourceDate "2019.07.18"]
[SourceVersion "1"]
[SourceVersionDate "2019.07.28"]
[SourceQuality "1"]

1. d4 d5 2. Bf4 Nf6 3. e3 c5 4. c3 Qb6 5. Qc1 Bf5 6. Nf3 Nc6 7. Be2 Rc8 8. O-O
cxd4 9. exd4 Nb4 10. Na3 Nd3 11. Bxd3 Bxd3 12. Re1 e6 13. Ne5 Bf5 14. Nc2 Bd6
15. Ne3 Bg6 16. h3 O-O 17. Nxg6 hxg6 18. Bxd6 Qxd6 19. Rf1 b5 20. a3 a5 21. Qd2
Ne4 22. Qe1 f6 23. Ng4 Kf7 24. f3 Ng5 25. Qh4 Rh8 26. Qf2 Rxh3 27. f4 Rch8 28.
g3 Ne4 0-1

[Event "10. Torneo IRT Mostoles 2019"]
[Site "Móstoles ESP"]
[Date "2019.07.23"]
[Round "6.18"]
[White "Aznar Gonzalez, Monica"]
[Black "Rey Martinez, Jaime"]
[Result "0-1"]
[WhiteElo "1154"]
[BlackElo "1503"]
[PlyCount "78"]
[EventDate "2019.07.18"]
[EventType "swiss"]
[EventRounds "9"]
[EventCountry "ESP"]
[SourceTitle "Ajedrez en Madrid"]
[Source "lmi"]
[SourceDate "2019.07.18"]
[SourceVersion "1"]
[SourceVersionDate "2019.07.28"]
[SourceQuality "1"]

1. e4 c5 2. Nf3 e6 3. Bc4 a6 4. c3 b5 5. Bb3 Bb7 6. Bc2 Bd6 7. d4 c4 8. d5 exd5
9. exd5 Nf6 10. O-O Bxd5 11. Re1+ Be7 12. Bg5 Bb7 13. Bxf6 gxf6 14. Be4 Nc6 15.
Bxc6 Bxc6 16. Qd6 Kf8 17. Qf4 Rg8 18. g3 Bxf3 19. Qxf3 Rc8 20. Nd2 Rc6 21. Re3
Bc5 22. Re2 Kg7 23. Ne4 Be7 24. Rd1 Re6 25. Rd5 d6 26. Nc5 Rxe2 27. Qxe2 Qa8
28. Rh5 dxc5 29. Qxe7 Re8 30. Rxh7+ Kxh7 31. Qxf7+ Kh6 32. Qxf6+ Kh5 33. Qf5+
Kh6 34. Qf4+ Kg6 35. Qg4+ Kf6 36. Qf4+ Ke6 37. Qe3+ Kd7 38. Qd2+ Kc8 39. Kf1
Qh1# 0-1

[Event "10. Torneo IRT Mostoles 2019"]
[Site "Móstoles ESP"]
[Date "2019.07.23"]
[Round "6.19"]
[White "Olmedo Alvarez, Jesus"]
[Black "Olmedo Aznar, Mario"]
[Result "1-0"]
[WhiteElo "1377"]
[BlackElo "1163"]
[PlyCount "47"]
[EventDate "2019.07.18"]
[EventType "swiss"]
[EventRounds "9"]
[EventCountry "ESP"]
[SourceTitle "Ajedrez en Madrid"]
[Source "lmi"]
[SourceDate "2019.07.18"]
[SourceVersion "1"]
[SourceVersionDate "2019.07.28"]
[SourceQuality "1"]

1. Nf3 e6 2. g3 d5 3. Bg2 Nf6 4. d3 Be7 5. O-O O-O 6. Re1 Nc6 7. Nbd2 Re8 8. c3
Bd7 9. Nf1 Bd6 10. e4 dxe4 11. dxe4 e5 12. Qc2 h6 13. Ne3 Qe7 14. Nh4 Bc5 15.
Nhf5 Bxf5 16. Nxf5 Qf8 17. h3 g6 18. Bxh6 gxf5 19. Bxf8 Rxf8 20. exf5 Bd6 21.
Qd2 Nh7 22. f6 Kh8 23. Qh6 Rg8 24. Be4 1-0

[Event "10. Torneo IRT Mostoles 2019"]
[Site "Móstoles ESP"]
[Date "2019.07.23"]
[Round "6.20"]
[White "Olmedo Alvarez, Marcos"]
[Black "Tudoroiu, Adrian Eugen"]
[Result "0-1"]
[WhiteElo "1357"]
[BlackElo "1108"]
[PlyCount "105"]
[EventDate "2019.07.18"]
[EventType "swiss"]
[EventRounds "9"]
[EventCountry "ESP"]
[SourceTitle "Ajedrez en Madrid"]
[Source "lmi"]
[SourceDate "2019.07.18"]
[SourceVersion "1"]
[SourceVersionDate "2019.07.28"]
[SourceQuality "1"]

1. e4 d6 2. Nf3 Bg4 3. Nc3 g6 4. Bc4 Nf6 5. h3 Bxf3 6. Qxf3 Bg7 7. O-O Nc6 8.
Bb5 O-O 9. Bxc6 bxc6 10. d4 e5 11. dxe5 dxe5 12. Bg5 Rb8 13. b3 h6 14. Be3 a5
15. Na4 Nd7 16. Rad1 Qe7 17. Qg4 Rfd8 18. Rxd7 Qxd7 19. Qxd7 Rxd7 20. Nc5 Rdd8
21. a3 f5 22. Ne6 f4 23. Bc5 Rd2 24. Nxc7 Rc8 25. Ne6 Rxc2 26. Bb6 Rc3 27. b4
a4 28. Nc5 Rxa3 29. Rd1 Rb8 30. Ba5 Bf8 31. Nd3 Re8 32. Nc5 Ra8 33. Nb7 Rb3 34.
Bd8 Rxb4 35. Rd7 a3 36. Bf6 Rxe4 37. Nd8 a2 38. Kh2 a1=Q 39. Ne6 Rd4 40. Rb7
Qa6 41. Rc7 Rc8 42. Bxe5 Rxc7 43. Nxc7 Qc4 44. Ne8 Qe6 45. Nf6+ Kf7 46. Ng4
Qxg4 47. hxg4 Re4 48. Bb8 g5 49. f3 c5 50. Bc7 Re2 51. Ba5 c4 52. Kh3 Ra2 53.
Be1 0-1

[Event "10. Torneo IRT Mostoles 2019"]
[Site "Móstoles ESP"]
[Date "2019.07.24"]
[Round "7.1"]
[White "De La Fuente Gonzalez, Francisco"]
[Black "Moreno Ruiz, Javier"]
[Result "1/2-1/2"]
[WhiteElo "2196"]
[BlackElo "2473"]
[PlyCount "76"]
[EventDate "2019.07.18"]
[EventType "swiss"]
[EventRounds "9"]
[EventCountry "ESP"]
[SourceTitle "Ajedrez en Madrid"]
[Source "lmi"]
[SourceDate "2019.07.18"]
[SourceVersion "1"]
[SourceVersionDate "2019.07.28"]
[SourceQuality "1"]

1. Nf3 Nf6 2. g3 g6 3. Bg2 Bg7 4. O-O O-O 5. c4 d6 6. d4 Nc6 7. Nc3 e5 8. dxe5
dxe5 9. Bg5 Be6 10. Nd5 Bxd5 11. Bxf6 Qxf6 12. cxd5 Ne7 13. e4 Rfd8 14. Qe2 c6
15. dxc6 Nxc6 16. Rfd1 a6 17. Rxd8+ Qxd8 18. Rd1 Qc7 19. Bh3 Nd4 20. Nxd4 exd4
21. Qd3 Re8 22. Rd2 Qc1+ 23. Bf1 Rc8 24. Qe2 Qc5 25. Qd1 Qc1 26. Qxc1 Rxc1 27.
Kg2 Kf8 28. Bd3 Ke7 29. f4 Kd7 30. Kf3 Bf8 31. a3 f6 32. Bc2 Bc5 33. Bd1 Kd6
34. Ke2 g5 35. Kd3 Bb6 36. Bf3 gxf4 37. gxf4 Re1 38. Re2 Rxe2 1/2-1/2

[Event "10. Torneo IRT Mostoles 2019"]
[Site "Móstoles ESP"]
[Date "2019.07.24"]
[Round "7.2"]
[White "Gago Padreny, Ignacio"]
[Black "Garcia Dorado, Alberto"]
[Result "1/2-1/2"]
[WhiteElo "2258"]
[BlackElo "2208"]
[PlyCount "32"]
[EventDate "2019.07.18"]
[EventType "swiss"]
[EventRounds "9"]
[EventCountry "ESP"]
[SourceTitle "Ajedrez en Madrid"]
[Source "lmi"]
[SourceDate "2019.07.18"]
[SourceVersion "1"]
[SourceVersionDate "2019.07.28"]
[SourceQuality "1"]

1. d4 Nf6 2. Nf3 e6 3. c4 d5 4. Nc3 dxc4 5. e4 Bb4 6. Bg5 c5 7. e5 cxd4 8. Nxd4
Bxc3+ 9. bxc3 Qa5 10. exf6 Qxg5 11. fxg7 Qxg7 12. Qd2 O-O 13. Bxc4 e5 14. Nb5
Nc6 15. Nd6 Kh8 16. Kf1 Be6 1/2-1/2

[Event "10. Torneo IRT Mostoles 2019"]
[Site "Móstoles ESP"]
[Date "2019.07.24"]
[Round "7.3"]
[White "Longa Yauca, Javier"]
[Black "Sotoca Aguado, Jose"]
[Result "1/2-1/2"]
[WhiteElo "2261"]
[BlackElo "1865"]
[PlyCount "66"]
[EventDate "2019.07.18"]
[EventType "swiss"]
[EventRounds "9"]
[EventCountry "ESP"]
[SourceTitle "Ajedrez en Madrid"]
[Source "lmi"]
[SourceDate "2019.07.18"]
[SourceVersion "1"]
[SourceVersionDate "2019.07.28"]
[SourceQuality "1"]

1. c4 Nf6 2. Nc3 e5 3. g3 d5 4. cxd5 Nxd5 5. Bg2 Nb6 6. Nf3 Nc6 7. O-O Be7 8.
d3 O-O 9. Bd2 a6 10. Rc1 Be6 11. a3 f5 12. b4 Bf6 13. Ne1 Qd7 14. f4 Nd8 15.
Nf3 exf4 16. gxf4 c6 17. Qc2 Nf7 18. Rfd1 Rad8 19. Qb1 Rfe8 20. h3 Nd5 21. Na4
Qd6 22. e3 Bc8 23. Re1 g5 24. fxg5 Nxg5 25. Kh1 Nxf3 26. Bxf3 Kh8 27. Re2 Rg8
28. Rg1 Rg3 29. Rxg3 Qxg3 30. Qf1 Rg8 31. Be1 Qg5 32. Bd2 Qg3 33. Be1 Qg5
1/2-1/2

[Event "10. Torneo IRT Mostoles 2019"]
[Site "Móstoles ESP"]
[Date "2019.07.24"]
[Round "7.4"]
[White "Gonzalez Pinar, Adrian"]
[Black "Garcia Diaz, Victor"]
[Result "1/2-1/2"]
[WhiteElo "1866"]
[BlackElo "2160"]
[PlyCount "72"]
[EventDate "2019.07.18"]
[EventType "swiss"]
[EventRounds "9"]
[EventCountry "ESP"]
[SourceTitle "Ajedrez en Madrid"]
[Source "lmi"]
[SourceDate "2019.07.18"]
[SourceVersion "1"]
[SourceVersionDate "2019.07.28"]
[SourceQuality "1"]

1. d4 Nf6 2. c4 e6 3. Nc3 Bb4 4. e3 d5 5. cxd5 exd5 6. Bd3 O-O 7. Nge2 c6 8.
O-O Re8 9. Bd2 Nbd7 10. a3 Bd6 11. Qc2 Nf8 12. f3 Ng6 13. h3 c5 14. Rad1 Bd7
15. Nb5 Bf8 16. dxc5 Rc8 17. b4 a6 18. Nbd4 Ne5 19. Nf4 Nxd3 20. Qxd3 Ba4 21.
Rc1 Nd7 22. Qf5 Ne5 23. Nde6 fxe6 24. Qxe5 Qf6 25. Bc3 Qxe5 26. Bxe5 Kf7 27.
Nh5 Red8 28. f4 Bb5 29. Rf2 g6 30. Nf6 h5 31. g4 Be7 32. g5 Rc6 33. Rfc2 Rcc8
34. Kf2 Ra8 35. Rb2 Rdc8 36. Ra1 Bxf6 1/2-1/2

[Event "10. Torneo IRT Mostoles 2019"]
[Site "Móstoles ESP"]
[Date "2019.07.24"]
[Round "7.5"]
[White "Candela Perez, Jose"]
[Black "Centeno Mendoza, Julio Stefano"]
[Result "1-0"]
[WhiteElo "2338"]
[BlackElo "1725"]
[PlyCount "63"]
[EventDate "2019.07.18"]
[EventType "swiss"]
[EventRounds "9"]
[EventCountry "ESP"]
[SourceTitle "Ajedrez en Madrid"]
[Source "lmi"]
[SourceDate "2019.07.18"]
[SourceVersion "1"]
[SourceVersionDate "2019.07.28"]
[SourceQuality "1"]

1. d4 d5 2. c4 e5 3. dxe5 d4 4. Nf3 Nc6 5. g3 Nge7 6. Bg2 Ng6 7. O-O Ngxe5 8.
Nxe5 Nxe5 9. b3 c5 10. e3 Bg4 11. f3 Be6 12. Bb2 Nc6 13. f4 g6 14. exd4 Bg7 15.
Rf2 cxd4 16. Nd2 O-O 17. Ne4 Bf5 18. Qd2 Bxe4 19. Bxe4 Qb6 20. Rd1 Rad8 21. Kg2
Rfe8 22. Bd5 Re3 23. f5 Rd7 24. Rdf1 g5 25. f6 Bh6 26. Qd1 Bf8 27. Qg4 Rd6 28.
Qxg5+ Kh8 29. Bxf7 Ne7 30. fxe7 Rg6 31. exf8=Q+ Rg8 32. Qgg7# 1-0

[Event "10. Torneo IRT Mostoles 2019"]
[Site "Móstoles ESP"]
[Date "2019.07.24"]
[Round "7.6"]
[White "Rebollo Palos, Isaac"]
[Black "Sacristan Virseda, Fernando"]
[Result "1/2-1/2"]
[WhiteElo "1869"]
[BlackElo "1895"]
[PlyCount "142"]
[EventDate "2019.07.18"]
[EventType "swiss"]
[EventRounds "9"]
[EventCountry "ESP"]
[SourceTitle "Ajedrez en Madrid"]
[Source "lmi"]
[SourceDate "2019.07.18"]
[SourceVersion "1"]
[SourceVersionDate "2019.07.28"]
[SourceQuality "1"]

1. e4 c5 2. c3 d5 3. exd5 Qxd5 4. d4 Nc6 5. Nf3 e6 6. Be2 Nf6 7. Na3 cxd4 8.
Nb5 Qd8 9. Nbxd4 Nxd4 10. Nxd4 e5 11. Bb5+ Bd7 12. Qe2 Qb8 13. O-O a6 14. Bxd7+
Nxd7 15. f4 Bc5 16. fxe5 Qxe5 17. Qxe5+ Nxe5 18. Re1 f6 19. Bf4 O-O-O 20. Bxe5
fxe5 21. Rxe5 Bxd4+ 22. cxd4 Rxd4 23. Re7 Rd7 24. Rc1+ Kd8 25. Re2 Rf8 26. Rec2
Rf6 27. h3 Rfd6 28. Kf2 Ke7 29. Re1+ Kf6 30. Kf3 Rd3+ 31. Re3 Rd2 32. Re2 R2d3+
33. Kf2 h6 34. a3 R3d5 35. Rc3 Rd3 36. Rc4 Rd2 37. Rf4+ Kg5 38. Rfe4 Kf5 39.
Re5+ Kf6 40. Re6+ Kf7 41. Rb6 R2d6 42. Rb4 Rd4 43. Rxd4 Rxd4 44. Ke3 Rd6 45.
Rc2 Ke6 46. Rc7 Rd7 47. Rxd7 Kxd7 48. Kf4 Ke6 49. Ke4 g6 50. g3 h5 51. h4 Kf6
52. Kf4 Ke6 53. Kg5 Kf7 54. g4 hxg4 55. Kxg4 Ke6 56. Kg5 Kf7 57. Kg4 Ke6 58.
Kg5 Kf7 59. b3 a5 60. a4 Kg7 61. Kf4 Kh6 62. Kg4 b6 63. Kg3 Kh5 64. Kh3 g5 65.
hxg5 Kxg5 66. Kg3 Kf5 67. Kf3 Ke5 68. Ke3 Kd5 69. Kd3 Kc5 70. Kc3 b5 71. axb5
Kxb5 1/2-1/2

[Event "10. Torneo IRT Mostoles 2019"]
[Site "Móstoles ESP"]
[Date "2019.07.24"]
[Round "7.7"]
[White "Camarero Izquierdo, Juan Carlos"]
[Black "Sanchez Garcia, Aurelio"]
[Result "0-1"]
[WhiteElo "1801"]
[BlackElo "2011"]
[PlyCount "130"]
[EventDate "2019.07.18"]
[EventType "swiss"]
[EventRounds "9"]
[EventCountry "ESP"]
[SourceTitle "Ajedrez en Madrid"]
[Source "lmi"]
[SourceDate "2019.07.18"]
[SourceVersion "1"]
[SourceVersionDate "2019.07.28"]
[SourceQuality "1"]

1. e4 e6 2. d4 d5 3. e5 c5 4. c3 Nc6 5. Nf3 Bd7 6. Bd3 Rc8 7. dxc5 Bxc5 8. O-O
f6 9. Re1 fxe5 10. Nxe5 Nxe5 11. Qh5+ Nf7 12. Qxd5 Nf6 13. Qxb7 O-O 14. Qf3 Nd6
15. Be3 Qb6 16. Bxc5 Qxc5 17. Qe3 Qxe3 18. Rxe3 Nd5 19. Re1 Nf5 20. Nd2 Rfd8
21. Nf3 Nf4 22. Bf1 Ng6 23. Rad1 h6 24. Rd2 Kf7 25. Red1 Ke7 26. g4 Nfh4 27.
Nd4 e5 28. Re2 Bxg4 29. Rde1 Bxe2 30. Rxe2 Kf6 31. Nb5 Nf4 32. Re3 Rd1 33. a4
Rcd8 34. c4 Rxf1+ 35. Kxf1 Rd1+ 36. Re1 Rd2 37. c5 Nf3 38. c6 Ne6 39. Rc1 Nxh2+
40. Kg2 Ng4 41. b4 Ne3+ 42. Kg1 Nd5 43. Nxa7 Nxb4 44. c7 Nxc7 45. Rxc7 Ra2 46.
Nb5 Rxa4 47. Nc3 Ra1+ 48. Kg2 g6 49. Rb7 Nd3 50. Kf3 Ra3 51. Ne4+ Ke6 52. Rb6+
Kd5 53. Rd6+ Kc4 54. Nd2+ Kc5 55. Ne4+ Kb5 56. Kg4 Nf4 57. f3 Ra1 58. Rd8 h5+
59. Kg5 Ne6+ 60. Kxg6 Nxd8 61. Kxh5 Rg1 62. Nf6 Kc6 63. Ng4 Kd5 64. Kg5 Ne6+
65. Kf6 Rxg4 0-1

[Event "10. Torneo IRT Mostoles 2019"]
[Site "Móstoles ESP"]
[Date "2019.07.24"]
[Round "7.8"]
[White "Fernandez Rodriguez, Juan"]
[Black "Navarro Moreno, Juan Carlos"]
[Result "0-1"]
[WhiteElo "1442"]
[BlackElo "1864"]
[PlyCount "70"]
[EventDate "2019.07.18"]
[EventType "swiss"]
[EventRounds "9"]
[EventCountry "ESP"]
[SourceTitle "Ajedrez en Madrid"]
[Source "lmi"]
[SourceDate "2019.07.18"]
[SourceVersion "1"]
[SourceVersionDate "2019.07.28"]
[SourceQuality "1"]

1. d4 d5 2. c4 c6 3. e3 Nf6 4. Nc3 e6 5. cxd5 exd5 6. Bd3 g6 7. Nge2 Bg7 8. O-O
O-O 9. Rb1 Nh5 10. b4 a6 11. a4 b5 12. axb5 axb5 13. Bd2 Be6 14. Ra1 Nd7 15.
Qc2 Qe7 16. Na2 Ra6 17. Rfb1 Rfa8 18. Qb2 Nb6 19. Nac1 Nc4 20. Bxc4 dxc4 21.
Rxa6 Rxa6 22. Ra1 Qa7 23. Rxa6 Qxa6 24. Qa2 Qb7 25. Bc3 Bd5 26. Ng3 Nf6 27. f3
Nd7 28. Nce2 Nb6 29. Nf4 Na4 30. Nxd5 cxd5 31. Ne2 Bf8 32. Be1 Bd6 33. Kf2 Qe7
34. Qa3 Qh4+ 35. Ng3 Qxh2 0-1

[Event "10. Torneo IRT Mostoles 2019"]
[Site "Móstoles ESP"]
[Date "2019.07.24"]
[Round "7.9"]
[White "Martin-Consuegra Barrilero, Francisco Javier"]
[Black "Martin Lozano, Miguel Angel"]
[Result "1/2-1/2"]
[WhiteElo "1828"]
[BlackElo "1720"]
[PlyCount "100"]
[EventDate "2019.07.18"]
[EventType "swiss"]
[EventRounds "9"]
[EventCountry "ESP"]
[SourceTitle "Ajedrez en Madrid"]
[Source "lmi"]
[SourceDate "2019.07.18"]
[SourceVersion "1"]
[SourceVersionDate "2019.07.28"]
[SourceQuality "1"]

1. Nf3 e6 2. d4 d5 3. Bf4 Bd6 4. Bg3 Nf6 5. e3 O-O 6. Bd3 c5 7. c3 Qc7 8. Nbd2
Nbd7 9. e4 dxe4 10. Nxe4 Nxe4 11. Bxe4 Nf6 12. Bc2 cxd4 13. Qxd4 e5 14. Qh4 e4
15. Ng5 Bf5 16. O-O-O Rad8 17. Nxe4 Bxe4 18. Bxe4 Nxe4 19. Qxe4 Bxg3 20. hxg3
Rxd1+ 21. Rxd1 Qa5 22. Qd5 Qb6 23. Rd2 Re8 24. Kc2 h6 25. Qd6 Qa5 26. Qd7 Qe5
27. Qd4 Qf5+ 28. Qd3 Qa5 29. Qd7 Qe5 30. f4 Qe4+ 31. Qd3 Qa4+ 32. Kc1 Qxa2 33.
Re2 Qa1+ 34. Kc2 Qa4+ 35. Kd2 Rxe2+ 36. Kxe2 Qc6 37. Kf1 b5 38. b3 Qb6 39. c4
bxc4 40. Qxc4 a6 41. b4 Qb5 42. Qxb5 axb5 43. Ke2 Kf8 44. Kd3 Ke7 45. Ke4 Ke6
46. g4 Kd6 47. g5 hxg5 48. fxg5 Ke6 49. g4 g6 50. Kd4 Kd6 1/2-1/2

[Event "10. Torneo IRT Mostoles 2019"]
[Site "Móstoles ESP"]
[Date "2019.07.24"]
[Round "7.10"]
[White "Contreras Donoso, Juan Francisco"]
[Black "Huerto Moreno, Jorge"]
[Result "1-0"]
[WhiteElo "1766"]
[BlackElo "1704"]
[PlyCount "57"]
[EventDate "2019.07.18"]
[EventType "swiss"]
[EventRounds "9"]
[EventCountry "ESP"]
[SourceTitle "Ajedrez en Madrid"]
[Source "lmi"]
[SourceDate "2019.07.18"]
[SourceVersion "1"]
[SourceVersionDate "2019.07.28"]
[SourceQuality "1"]

1. d4 Nf6 2. c4 e5 3. dxe5 Ng4 4. Nf3 Bc5 5. e3 Nc6 6. Be2 Ngxe5 7. a3 a5 8.
O-O O-O 9. b3 Nxf3+ 10. Bxf3 Qf6 11. Qc2 Ne5 12. Be4 Qh6 13. Nc3 Ra6 14. Nd5
Re6 15. Bf5 Rfe8 16. b4 Bd6 17. f4 c6 18. e4 cxd5 19. fxe5 Qh4 20. g3 Qh5 21.
Bxe6 dxe6 22. exd6 d4 23. c5 e5 24. Bd2 Bh3 25. Rf2 Qg4 26. Qc4 h5 27. Qxf7+
Kh8 28. Rf5 Re6 29. Rxh5+ 1-0

[Event "10. Torneo IRT Mostoles 2019"]
[Site "Móstoles ESP"]
[Date "2019.07.24"]
[Round "7.11"]
[White "Fernandez Lopez, Jaime"]
[Black "Martin Diaz, Juan"]
[Result "1-0"]
[WhiteElo "1676"]
[BlackElo "1762"]
[PlyCount "120"]
[EventDate "2019.07.18"]
[EventType "swiss"]
[EventRounds "9"]
[EventCountry "ESP"]
[SourceTitle "Ajedrez en Madrid"]
[Source "lmi"]
[SourceDate "2019.07.18"]
[SourceVersion "1"]
[SourceVersionDate "2019.07.28"]
[SourceQuality "1"]

1. d4 d5 2. c4 dxc4 3. Nf3 Nf6 4. e3 Bg4 5. Bxc4 e6 6. O-O Be7 7. Nc3 Nbd7 8.
h3 Bh5 9. e4 c6 10. Be3 b5 11. Bd3 O-O 12. Rc1 a6 13. Be2 Rc8 14. a4 h6 15. e5
Ne8 16. Ne4 Nb6 17. axb5 axb5 18. Nfd2 Bg6 19. Nc5 Nd5 20. Ndb3 Nxe3 21. fxe3
Bg5 22. Rc3 Nc7 23. Nb7 Qe7 24. Bf3 Nd5 25. Bxd5 cxd5 26. N3c5 Rc7 27. Qg4 h5
28. Qg3 Bh4 29. Qf4 Bg5 30. Qg3 h4 31. Qg4 Bf5 32. Rxf5 exf5 33. Qxf5 g6 34.
Qg4 Bh6 35. Nd6 Qg5 36. Qf3 Qg3 37. Qxg3 hxg3 38. e4 dxe4 39. Ndxe4 Rd8 40. Nd6
Ra7 41. Kf1 Ra1+ 42. Ke2 Ra2 43. Rb3 Bc1 44. Nd3 Bg5 45. Rxb5 Be7 46. Rb6 Ra4
47. Ke3 Bxd6 48. Rxd6 Rxd6 49. exd6 Kf8 50. Nc5 Rb4 51. b3 Ke8 52. Ke4 Rb5 53.
Kd5 Kd8 54. Kc6 Rb4 55. Kd5 Rb5 56. Kc4 Rb6 57. b4 Rb8 58. b5 Ra8 59. b6 Ra2
60. b7 Rb2 1-0

[Event "10. Torneo IRT Mostoles 2019"]
[Site "Móstoles ESP"]
[Date "2019.07.24"]
[Round "7.12"]
[White "Olmedo Aznar, Eduardo"]
[Black "Martinez Pascual, Gonzalo"]
[Result "1-0"]
[WhiteElo "1786"]
[BlackElo "1557"]
[PlyCount "69"]
[EventDate "2019.07.18"]
[EventType "swiss"]
[EventRounds "9"]
[EventCountry "ESP"]
[SourceTitle "Ajedrez en Madrid"]
[Source "lmi"]
[SourceDate "2019.07.18"]
[SourceVersion "1"]
[SourceVersionDate "2019.07.28"]
[SourceQuality "1"]

1. e4 c6 2. d3 d5 3. Nd2 e5 4. Ngf3 Bg4 5. g3 Nd7 6. Bg2 Ngf6 7. O-O Be7 8. Qe1
O-O 9. exd5 cxd5 10. Nxe5 Bd6 11. Nxg4 Nxg4 12. Bxd5 h5 13. Ne4 Re8 14. Bxf7+
Kxf7 15. Nxd6+ Kf8 16. Qxe8+ Qxe8 17. Nxe8 Rxe8 18. Be3 b6 19. Rfe1 Rc8 20.
Rac1 Nde5 21. Kg2 Kg8 22. h3 Nf6 23. Bd4 Ned7 24. Re7 Kf8 25. Bxf6 Nxf6 26.
Rxa7 Rc5 27. c3 Rb5 28. Rc2 Rd5 29. d4 Rf5 30. Re2 Rg5 31. Re5 Rg6 32. d5 h4
33. g4 Nh7 34. Rh5 Nf6 35. Rh8+ 1-0

[Event "10. Torneo IRT Mostoles 2019"]
[Site "Móstoles ESP"]
[Date "2019.07.24"]
[Round "7.14"]
[White "Poceiro Solino, Juan Octavio"]
[Black "Rey Martinez, Jaime"]
[Result "0-1"]
[WhiteElo "1715"]
[BlackElo "1503"]
[PlyCount "114"]
[EventDate "2019.07.18"]
[EventType "swiss"]
[EventRounds "9"]
[EventCountry "ESP"]
[SourceTitle "Ajedrez en Madrid"]
[Source "lmi"]
[SourceDate "2019.07.18"]
[SourceVersion "1"]
[SourceVersionDate "2019.07.28"]
[SourceQuality "1"]

1. e4 e5 2. Nf3 Nc6 3. d4 exd4 4. Bc4 Nf6 5. e5 d5 6. Bb5 Ne4 7. Nxd4 Bd7 8.
Bxc6 bxc6 9. O-O Bc5 10. Be3 Qe7 11. f3 Ng5 12. f4 Ne6 13. c3 O-O 14. Kh1 Nxd4
15. cxd4 Bb6 16. f5 g6 17. f6 Qb4 18. Qc1 Bxd4 19. Bxd4 Kh8 20. Qh6 Rg8 21. Nc3
Qxd4 22. Rf4 Qe3 23. Raf1 g5 24. Rh4 Qd3 25. Rd1 Qg6 26. Qxg6 Rxg6 27. Rhd4 Re8
28. Re1 Rxf6 29. Nxd5 cxd5 30. Rxd5 Bc6 31. Rc5 Rfe6 32. Rec1 Rxe5 33. h4 Rxc5
34. Rxc5 Re6 35. Rxg5 Rg6 36. Rc5 Bxg2+ 37. Kg1 Bd5+ 38. Kf2 Bxa2 39. Rxc7 a6
40. Rb7 Rg2+ 41. Kf1 Rg4 42. b3 Rxh4 43. Rxf7 Bxb3 44. Ra7 Rg4 45. Kf2 Bc4 46.
Rc7 Bb5 47. Kf3 Rg7 48. Rc8+ Rg8 49. Rc7 h6 50. Kf4 Rg7 51. Rc8+ Kh7 52. Rb8 h5
53. Kf5 h4 54. Rd8 h3 55. Rd4 Rg2 56. Kf6 h2 57. Rh4+ Kg8 0-1

[Event "10. Torneo IRT Mostoles 2019"]
[Site "Móstoles ESP"]
[Date "2019.07.24"]
[Round "7.15"]
[White "Jimenez Gallego, Rafael"]
[Black "Candela Martin, Alvaro"]
[Result "0-1"]
[WhiteElo "1389"]
[BlackElo "1631"]
[PlyCount "72"]
[EventDate "2019.07.18"]
[EventType "swiss"]
[EventRounds "9"]
[EventCountry "ESP"]
[SourceTitle "Ajedrez en Madrid"]
[Source "lmi"]
[SourceDate "2019.07.18"]
[SourceVersion "1"]
[SourceVersionDate "2019.07.28"]
[SourceQuality "1"]

1. e4 e5 2. Nf3 Nc6 3. Bc4 Bc5 4. c3 Nf6 5. d3 d6 6. h3 a6 7. Bb3 Be6 8. Bc2
Ba7 9. Bg5 h6 10. Bh4 g5 11. Bg3 Nh5 12. Bh2 Nf4 13. Bxf4 gxf4 14. Qe2 Qf6 15.
Nbd2 O-O-O 16. a3 Rhg8 17. Rh2 Rg6 18. O-O-O Rdg8 19. Rg1 Ne7 20. d4 R6g7 21.
d5 Bd7 22. c4 Ng6 23. b4 Nh4 24. Qf1 Nxf3 25. Nxf3 Qg6 26. Kd2 f6 27. Ke1 Qh5
28. Kd2 f5 29. Ke2 fxe4 30. Bxe4 Bf5 31. Qb1 Bxe4 32. Qxe4 Qe8 33. Qc2 e4 34.
Nd2 e3 35. Kf3 exf2 36. Rf1 Qe3# 0-1